000 00500nam a22001817a 4500
999 _c4971
_d4969
005 20210910130646.0
008 160630b xxu||||| |||| 00| 0 eng d
020 _a978-81-87972-88-4
041 _aeng
082 _b20059
_a005.45
100 _aGaonkar ramesh S.
_94052
245 _aMicroprocessor, architecture, programming & application with the 8085
250 _a6th ed.
260 _bpenram international publishing
300 _a807
650 _aInformation Technology
_9137
942 _cBK